| 000 | 00864cam a22002895i 4500 | ||
|---|---|---|---|
| 999 |
_c123083 _d123083 |
||
| 001 | 11379469 | ||
| 003 | ARRUPE | ||
| 005 | 20190513110203.0 | ||
| 008 | 150422s2015 enk 000 0 eng d | ||
| 020 | _a9781408864616 (hardback) | ||
| 020 | _a1408864614 (hardback) | ||
| 020 | _a9781408864647 (trade paperback) | ||
| 020 | _a1408864649 (trade paperback) | ||
| 024 | _a60002004821 | ||
| 035 | _a(OCoLC)898419111 | ||
| 035 | _a(OCoLC)ocn898419111 | ||
| 035 | _a(NNC)11379469 | ||
| 040 |
_aNhCcYBP _beng _erda _cNhCcYBP |
||
| 050 | _aBD41.G66 2015 | ||
| 100 | 1 |
_aGrayling, A. C., _95558 |
|
| 245 | 1 | 4 |
_aThe challenge of things : _bthinking through troubled times / _cA.C. Grayling. |
| 260 |
_aLondon _bBloomsbury Publishing _c2015 |
||
| 300 |
_a297 p. ; _c21 cm. |
||
| 650 |
_aPhilosophy _918707 |
||
| 942 |
_2lcc _cMONOGRAPH |
||
| 948 | 0 |
_a20150519 _bb _cjeb52 _dMPS |
|